000 01424cab a2200397 4500
001 ABS54829
008 090401t1996 xxu||||| |||| 00| 0 eng d
035 _a(Sirsi) u12425
041 _aeng
245 _aDevelopments in milk quota law
260 _c1996
350 _a0
490 _aFarmland Market
_v(45) Spring 1996, 20-22(3)
520 _aUpdate on milk quota law, as expressed in recent case law and the introduction of farm business tenancies. Includes an examination of the decision in "Llandolfi v Tolley" which showed that transfers can fail when a change of occupation is deemed to be less than 10 months.
650 _aAGRICULTURAL HOLDINGS ACT 1986 S12
650 _aAGRICULTURAL HOLDINGS ACT 1986
650 _aAGRICULTURAL TENANCIES ACT 1995
650 _aPROPERTY-LANDLORD AND TENANT-TENANCIES-AGRICULTURAL TENANCIES
650 _aAPPORTIONMENT
650 _aCHILDERS V ANKER
650 _aDAIRY PRODUCE QUOTA REGULATIONS 1994 REG 7
650 _aDAIRY PRODUCE QUOTAS REGULATIONS 1993
650 _aFARM BUSINESS TENANCIES
650 _aLEASING
650 _aLLANDOLFI V TOLLEY
650 _aMARRIAGE VALUE
650 _aMARSHALL V HUGHES
650 _aMILK QUOTAS
650 _aMORTIMER V MORTIMER
650 _aRENT FORMULA
650 _aRENT REVIEWS
650 _aTRUSTEES OF RB NELDER V W J POPE
690 _aRURAL PRACTICE
942 _n0
948 _c04/03/1997
999 _c7940
_d7940